| 000 | 00507pab a2200181 454500 | ||
|---|---|---|---|
| 008 | 180718b2010 xxu||||| |||| 00| 0 eng d | ||
| 100 | _aAlexiadis, Stilianos | ||
| 245 | _aIs cumulative growth in manufacturing productivity slowing down in the EU12 regions? | ||
| 260 | _c2010 | ||
| 300 | _ap.1001-1017. | ||
| 362 | _aNov | ||
| 650 | _aEuropean Union | ||
| 650 | _aManufacturing industry | ||
| 700 | _aTsagdis, Dimitrois | ||
| 773 | _aCambridge Journal of Economics | ||
| 908 | _aN | ||
| 909 | _a89861 | ||
| 999 |
_c89861 _d89861 |
||